Via Cassin voľne Venované snom a nádeji...

Podrobná bibliografia
Hlavný autor: Bulo (Autor)
Médium: Článok
Jazyk:slovenčina
Predmet:

MARC

LEADER 00000nab a2200000Ia 4500
001 vtls010708807
003 SK-MaSNL
005 20260304194441.0
008 250709|2007 xo |||||||||||||||||slo|
035 |a (urnnbn)urn:nbn:sk:snk:ar-a052eh 
035 |a (uuid)480221b1-67ad-48cb-ad82-9f5c771eece0 
035 |a urn:nbn:sk:snk-ab3ckq 
040 |a SNKBUCL  |b slo  |c SNKBUCL  |e AACR2 
041 0 |a slo 
044 |a xo  |c SK 
080 |a a 4 miestne určenie  |2 2001 
080 |a (494)  |2 2001 
080 |a 796.52  |2 2001 
100 1 |a Bulo  |4 aut  |9 1528870 
245 1 0 |a Via Cassin voľne  |b Venované snom a nádeji...  |c Bulo 
650 0 7 |a horolezectvo  |2 SNKPH  |9 1050 
651 7 |a Alpy (pohorie)  |2 SNKPH  |9 51997 
651 7 |a Švajčiarsko  |2 SNKPH  |9 20143 
773 0 |t Jamesák : odborný, metodický a informačný časopis Slovenského horolezeckého spolku James  |g Roč. 39, č. 5 (2007), s. 14-16 
850 |a Slovenská národná knižnica 
852 |a Slovenská národná knižnica 
954 |a odborná, vedecká literatúra pôvodná (slovenská)  |2 lita 
958 |a article1 
958 |a OND 
958 |a EUIPO 
999 |c 3074229  |d 3076159